| 000 | 00680cam a2200229u 4500 | ||
|---|---|---|---|
| 001 | 6509717 | ||
| 003 | OSt | ||
| 005 | 20230620160730.0 | ||
| 008 | 821021s1949 enkabc 000 0 eng | ||
| 010 | _a 53027775 | ||
| 040 |
_aDLC _cCarP _dDLC |
||
| 043 | _ae-uk--- | ||
| 082 |
_a325.4 _bCOL |
||
| 110 | 1 |
_aGreat Britain. _bColonial Office. |
|
| 245 | 1 | 0 | _aIntroducing the Colonies. |
| 260 |
_aLondon, _bH. M. Stationery Off.; _c1949. |
||
| 300 |
_a87 p. _billus., ports., maps (1 fold. col.) _c18 cm. |
||
| 651 | 0 |
_aGreat Britain _xColonies. |
|
| 710 | 1 |
_aGreat Britain. _bCentral Office of Information. |
|
| 906 |
_a0 _bcbc _cpremunv _du _encip _f19 _gy-gencatlg |
||
| 942 |
_2ddc _cBK |
||
| 999 |
_c1904 _d1904 |
||